Focus North and West Yorkshire (Record no. 82369)

MARC details
000 -LEADER
fixed length control field 00817cab a22001935a 4500
001 - CONTROL NUMBER
control field L150048
008 - FIXED-LENGTH DATA ELEMENTS--GENERAL INFORMATION
fixed length control field 100526e20100522xxk 000 0 eng d
035 ## - SYSTEM CONTROL NUMBER
System control number (Sirsi) u150048
041 0# - LANGUAGE CODE
Language code of text/sound track or separate title eng
100 1# - MAIN ENTRY--PERSONAL NAME
Personal name Elghamry, Nadia
245 00 - TITLE STATEMENT
Title Focus North and West Yorkshire
260 ## - PUBLICATION, DISTRIBUTION, ETC.
Date of publication, distribution, etc. 2010
490 ## - SERIES STATEMENT
Series statement Estates Gazette
Volume/sequential designation (1022) 22 May 2010, 107-123(15)
520 ## - SUMMARY, ETC.
Summary, etc. Zone A Leeds retail and office markets affected by availability rather than due to demand. Profiles new property companies based in Leeds area. Plans for redevelopment of the former Terry's chocolate site in York. Reviews office and industrial take up, supply, rents, and prime yields in Bradford, York and Leeds.
590 ## - LOCAL NOTE (RLIN)
Local note KA
651 #4 - SUBJECT ADDED ENTRY--GEOGRAPHIC NAME
Geographic name Yorkshire
Chronological subdivision 1888-
690 ## - LOCAL SUBJECT ADDED ENTRY--TOPICAL TERM (OCLC, RLIN)
Topical term or geographic name as entry element PROPERTY-COMMERCIAL PROPERTY-COMMERCIAL PROPERTY MARKET
942 ## - ADDED ENTRY ELEMENTS (KOHA)
Suppress in OPAC 0
Holdings
Withdrawn status Lost status Source of classification or shelving scheme Damaged status Not for loan Home library Current library Shelving location Date acquired Total Checkouts Full call number Barcode Date last seen Copy number Price effective from Koha item type
    Dewey Decimal Classification     London London Journal article 26/05/2010   L150048 150048-1001 06/08/2019 1 06/08/2019 Archive